Komplexní automatizace strojírenské výroby

Gespeichert in:
Bibliographische Detailangaben
1. Verfasser: Kvapil, Vítězslav
Format: Buch
Sprache:Tschechisch
Veröffentlicht: Praha Výzkumný ústav strojírenské technologie a ekonomiky 1980
Schriftenreihe:Knižnice VUSTE sv. 170
Tags: Tag hinzufügen
Keine Tags, Fügen Sie das erste Tag hinzu!

MARC

LEADER 00000nam a2200000 4500
001 c138654
005 20041019155313.7
041 0 |a cze 
044 |a CZ 
245 1 0 |a Komplexní automatizace strojírenské výroby  |c Vítězslav Kvapil a kol. 
264 1 |a Praha  |b Výzkumný ústav strojírenské technologie a ekonomiky  |c 1980 
300 |a 138 s. 
490 1 |a Knižnice VUSTE  |v sv. 170 
830 0 |a Knižnice VUSTE  |v sv. 170 
100 1 |a Kvapil, Vítězslav